Cats in the castle / (Record no. 1119)

MARC details
000 -LEADER
fixed length control field 01143cam a22003133 4500
005 - DATE AND TIME OF LATEST TRANSACTION
control field 20230815104957.0
020 ## - INTERNATIONAL STANDARD BOOK NUMBER
International Standard Book Number 0439448980
040 ## - CATALOGING SOURCE
Original cataloging agency DLC
Transcribing agency DLC
Language of cataloging eng
Modifying agency FISKH
050 00 - LIBRARY OF CONGRESS CALL NUMBER
Classification number PZ7
082 ## - DEWEY DECIMAL CLASSIFICATION NUMBER
Classification number Fic
100 1# - MAIN ENTRY--PERSONAL NAME
Personal name Baglio, Ben M.
245 10 - TITLE STATEMENT
Title Cats in the castle /
Statement of responsibility, etc. Ben M. Baglio ; illustrations by Ann Baum
250 ## - EDITION STATEMENT
Edition statement First Scholastic printing, January 2003
260 ## - PUBLICATION, DISTRIBUTION, ETC.
Place of publication, distribution, etc. New York :
Name of publisher, distributor, etc. Scholastic,
Date of publication, distribution, etc. 2001.
300 ## - PHYSICAL DESCRIPTION
Extent 129 pages :
Other physical details illustrations ;
Dimensions 20 cm
490 0# - SERIES STATEMENT
Series statement Animal Ark hauntings ;
Volume/sequential designation Book 8
500 ## - GENERAL NOTE
General note "An Apple paperback."
505 ## - FORMATTED CONTENTS NOTE
Formatted contents note Q <br/>
520 ## - SUMMARY, ETC.
Summary, etc. Whilst pony trekking with her cousin, Mandy gets separated and lost in the fog. She comes across a skewbald foal, who disappears back into the mist. Abby, is haunted by the death of her own skewbald foal, who lost its life in fog.
521 ## - TARGET AUDIENCE NOTE
Target audience note 730 <br/>
Source Lexile <br/>
521 ## - TARGET AUDIENCE NOTE
Target audience note Q <br/>
Source Raz-Plus
655 #7 - INDEX TERM--GENRE/FORM
Genre/form data or focus term Children's stories.
Source of term lcsh
655 #7 - INDEX TERM--GENRE/FORM
Genre/form data or focus term Mystery fiction.
Source of term gsafd
700 1# - ADDED ENTRY--PERSONAL NAME
Personal name Butler, John
Dates associated with a name 1952-
906 ## - LOCAL DATA ELEMENT F, LDF (RLIN)
a 7
b cbc
c orignew
d 2
e ncip
f 20
g y-genrareb
942 ## - ADDED ENTRY ELEMENTS (KOHA)
Source of classification or shelving scheme Dewey Decimal Classification
Koha item type Books
Suppress in OPAC No
999 ## -
-- 1119
-- 1119
Holdings
Withdrawn status Lost status Source of classification or shelving scheme Damaged status Not for loan Collection Home library Current library Shelving location Date acquired Total Checkouts Full call number Barcode Date last seen Date last checked out Price effective from Koha item type
    Dewey Decimal Classification     Fiction Footprints International School Library Network Toul Kork Campus Footprints International School Library Network Toul Kork Campus   08/01/2023 2 BAG Fic 479 FIS00601 02/28/2024 02/02/2024 08/01/2023 Books